00687nam a2200193Ia 4500003000900000008004100009020001800050040001600068080001500084100002500099245011600124260002600240300001400266650004100280650003100321942000700352999001500359952011900374IN-BaIIA211028s9999 xx 000 0 eng d a0-471-32380-2 cIIA Library a524-1bGRA aGray, David F.98601 4aThe observation and analysis of stellar photospherecDavid F Gray  aNew YorkbWileyc1976 axv, 471p. aAstronomy and Astrophysics Thesaurus aStellar Photosphere911422 cBK c8967d8967 00104070aBANbKODcGENd1987-02-11g846.00l0o524-1/ GRAp9854r2021-11-05v846.00w1987-02-11yBKGRs. 846.00